Statistics for Car Manufacturer #1: Audi

Click here to take the quiz!

General Stats

  • This quiz has been taken 14 times
  • The average score is 9 of 15

Answer Stats

HintAnswer% Correct
Number of rings on Audi's logo4
91%
Single letter used to represent an Audi seriesA
91%
Audi was acquired by this company in the 1960sVolkswagen
91%
Single letter used to represent an Audi seriesQ
82%
Audi rally car that revolutionised rallying motorsportQuattro
82%
Sport division of AudiRennSport
82%
Single letter used to represent an Audi seriesS
82%
Which football team is sponsored by Audi, to an extent which the players must drive an Audi to training grounds and public occasions when representing the club?Bayern Munich
64%
In what racing series will Audi start to participate in 2026?Formula 1
64%
Discontinued super car that was once the most expensive model rangeR8
64%
...and what new technology was used in that car?Four-wheel drive
36%
Super car maker acquired by Audi in 1998Lamborghini
27%
Location of Audi's headquartersIngolstadt
18%
Founder of AudiAugust Horch
9%
Audi was the first car maker to use this type of gearboxDual-clutch
9%

Score Distribution

Percentile by Number Answered

Percent of People with Each Score

Your Score History

You have not taken this quiz